Incentives : (Record no. 6592)

MARC details
000 -LEADER
fixed length control field 00765nac a22002051u 4500
008 - FIXED-LENGTH DATA ELEMENTS--GENERAL INFORMATION
fixed length control field 120109t xxu||||| |||| 00| 0 eng d
020 ## - INTERNATIONAL STANDARD BOOK NUMBER
International Standard Book Number 9780521832045
082 ## - DEWEY DECIMAL CLASSIFICATION NUMBER
Classification number 302.13
Item number CAM
100 ## - MAIN ENTRY--PERSONAL NAME
Personal name Campbell, Donald E.
9 (RLIN) 28289
245 ## - TITLE STATEMENT
Title Incentives :
Remainder of title motivation and the economics of information /
Statement of responsibility, etc Donald E. Campbell
250 ## - EDITION STATEMENT
Edition statement 2nd ed.
260 ## - PUBLICATION, DISTRIBUTION, ETC. (IMPRINT)
Place of publication, distribution, etc Cambridge :
Name of publisher, distributor, etc Cambridge University Press,2006
Date of publication, distribution, etc 2006.
300 ## - PHYSICAL DESCRIPTION
Extent xii, 591 p. :
Other physical details ill. ;
Dimensions 26 cm.
500 ## - GENERAL NOTE
General note distributer: Al-Ahram
504 ## - BIBLIOGRAPHY, ETC. NOTE
Bibliography, etc Includes bibliographical references (p. 561-577) and indexes
511 ## - PARTICIPANT OR PERFORMER NOTE
Participant or performer note catalogued by: wessam
650 ## - SUBJECT ADDED ENTRY--TOPICAL TERM
Topical term or geographic name as entry element Social choice
General subdivision Mathematical models.
9 (RLIN) 28290
942 ## - ADDED ENTRY ELEMENTS (KOHA)
Item type Book - Borrowing
Call number prefix 302.13 CAM
Source of classification or shelving scheme Dewey Decimal Classification
Holdings
Withdrawn status Item status Damaged status Not for loan Home library Current library Shelving location Date acquired Source of acquisition Total Checkouts Full call number Barcode Date last seen Date last borrowed Koha item type
        Central Library Central Library First floor 27/11/2007 Purchase 4 302.13 CAM 000008359 15/07/2025 08/11/2016 Book - Borrowing